Vanishing nurses : diminishing care : hearing before the Special Committee on Aging, United States Senate, One Hundredth Congress, second session, Philadelphia, PA, April 6, 1988.

Bibliographic Details
Corporate Authors: United States. Congress. Senate. Special Committee on Aging, ProQuest (Firm)
Format: Government Document eBook
Language:English
Published: Washington : U.S. G.P.O., 1989.
Series:U.S. Congressional Hearings.
Subjects:
Online Access:Connect to the full text of this electronic book

MARC

Tag First Indicator Second Indicator Subfields
LEADER 00000cam a22000001a 4500
001 in00003288921
005 20190404184753.0
006 m d f
007 cr bn mmmapmmp
008 091021s1989 dcua ob f000 0 eng d
035 |a cis2007455786 
040 |a UMI  |c UMI  |d UtOrBLW 
043 |a n-us--- 
074 |a 1009-B-1, 1009-C-1 (microfiche) 
086 0 |a Y 4.Ag 4:S.hrg.100-942 
088 |a Serial no. 100-19 (United States. Congress. Senate. Special Committee on Aging) 
099 |a HRG-1988-AGS-0005 
110 1 |a United States.  |b Congress.  |b Senate.  |b Special Committee on Aging. 
245 1 0 |a Vanishing nurses :  |b diminishing care : hearing before the Special Committee on Aging, United States Senate, One Hundredth Congress, second session, Philadelphia, PA, April 6, 1988. 
264 1 |a Washington :  |b U.S. G.P.O.,  |c 1989. 
300 |a 1 online resource. 
336 |a text  |b txt  |2 rdacontent 
337 |a computer  |b c  |2 rdamedia 
338 |a online resource  |b cr  |2 rdacarrier 
490 1 |a S. hrg. ;  |v 100-942 
500 |a Record is based on bibliographic data in ProQuest Congressional Hearings Digital Collection. Reuse except for individual research requires license from ProQuest, LLC. 
504 |a Bibliography: page 107. 
538 |a System requirements: PDF reader software. 
500 |a Electronic resource. 
650 0 |a Nurses  |z United States  |x Supply and demand. 
650 0 |a Nursing  |z United States. 
655 7 |a Electronic books.  |2 local 
710 2 |a ProQuest (Firm) 
776 0 8 |i Print version:  |a United States. Congress. Senate. Special Committee on Aging.  |t Vanishing nurses  |w (OCoLC)19364633  |w gp 89010865 
776 0 8 |i Microfiche version:  |a United States. Congress. Senate. Special Committee on Aging.  |t Vanishing nurses.  |d [Bethesda, Md.] : ProQuest,[2004]  |o CIS 89 S141-2  |w (ProQuest)cis08902009 
810 1 |a United States.  |b Congress.  |b Senate.  |t S. hrg. ;  |v 100-942. 
830 0 |a U.S. Congressional Hearings. 
856 4 0 |u http://proxy.library.tamu.edu/login?url=http://congressional.proquest.com/congcomp/getdoc?HEARING-ID=HRG-1988-AGS-0005  |z Connect to the full text of this electronic book  |t 0 
998 |a cis08902009 
999 |a MARS 
999 f f |s 5d3af6fe-b6d7-3637-a8f7-d0e9f26f96fc  |i dc4c6210-82e5-367e-9232-dbaf1808dd62  |t 0 
952 f f |a Texas A&M University  |b College Station  |c Electronic Resources  |d Available Online  |t 0  |e HRG-1988-AGS-0005  |h Other scheme 
998 f f |a HRG-1988-AGS-0005  |t 0  |l Available Online